[Event "Kuala Lumpur op 2nd"]
[Site "Kuala Lumpur"]
[Date "2005.08.25"]
[Round "10"]
[White "Tun, Seri Lanang Othman"]
[Black "Koneru, Chandra Hawsa"]
[Result "1/2-1/2"]
[WhiteElo "2129"]
[BlackElo "2235"]
[PlyCount "84"]
[EventDate "2005.08.20"]
[EventType "swiss"]
[EventRounds "11"]
[EventCountry "MAS"]
[SourceTitle "CBM 108 Extra"]
[Source "ChessBase"]
[SourceDate "2005.11.04"]
[SourceVersion "1"]
[SourceVersionDate "2005.11.04"]
[SourceQuality "1"]

1. d4 Nf6 2. Nf3 e6 3. Bg5 c5 4. e3 b6 5. Nbd2 Bb7 6. Bd3 Be7 7. Qe2 d6 8. c3 Nbd7 9. Nc4 Qc7 10. a4 a6 11. 0-0 0-0 12. Rac1 Rfe8 13. e4 d5 14. Ncd2 Nxe4 15. Nxe4 dxe4 16. Bxe4 Bxe4 17. Qxe4 Bxg5 18. Nxg5 Nf6 19. Qf3 Rac8 20. h3 cxd4 21. cxd4 Qd7 22. b3 h6 23. Ne4 Nxe4 24. Qxe4 Red8 25. Rxc8 Qxc8 26. Rd1 Rd5 27. Rd3 Qd7 28. f4 f6 29. Re3 Rxd4 30. Qxe6+ Qxe6 31. Rxe6 Rb4 32. a5 bxa5 33. Rxa6 Rb5 34. Ra7 Kh7 35. Kf2 Kg6 36. g4 Rxb3 37. Rxa5 Rxh3 38. Ra7 h5 39. gxh5+ Rxh5 40. Kg3 Rb5 41. Ra3 Kf5 42. Rc3 Rd5 1/2-1/2

[Event "Kuala Lumpur op 2nd"]
[Site "Kuala Lumpur"]
[Date "2005.08.24"]
[Round "8"]
[White "Ahmad, Maliki"]
[Black "Koneru, Chandra Hawsa"]
[Result "1-0"]
[WhiteElo "2244"]
[BlackElo "2235"]
[PlyCount "75"]
[EventDate "2005.08.20"]
[EventType "swiss"]
[EventRounds "11"]
[EventCountry "MAS"]
[SourceTitle "CBM 108 Extra"]
[Source "ChessBase"]
[SourceDate "2005.11.04"]
[SourceVersion "1"]
[SourceVersionDate "2005.11.04"]
[SourceQuality "1"]

1. e4 c6 2. d4 d5 3. e5 Bf5 4. Nf3 e6 5. Be2 Nd7 6. 0-0 Ne7 7. Nh4 Bg6 8. Bg5 Qb6 9. Nxg6 Nxg6 10. b3 c5 11. c3 Be7 12. Bxe7 Nxe7 13. Na3 0-0 14. Nb5 a6 15. Nd6 Nc6 16. f4 cxd4 17. cxd4 Nxd4 18. Kh1 f6 19. Bg4 f5 20. Bh3 Kh8 21. g4 fxg4 22. Qxg4 g6 23. Qh4 Qd8 24. Qf2 Nf5 25. Bxf5 gxf5 26. Rg1 Qe7 27. Nxb7 Rg8 28. Nd6 Rxg1+ 29. Rxg1 Nf8 30. h4 Nd7 31. Qg3 Nc5 32. Qg5 Qf8 33. Qh5 Ra7 34. Rc1 Ne4 35. Kh2 Nxd6 36. exd6 Rd7 37. Rc7 Qd8 38. Qh6 1-0

[Event "Kuala Lumpur op 2nd"]
[Site "Kuala Lumpur"]
[Date "2005.08.22"]
[Round "5"]
[White "Mok, Tze Meng"]
[Black "Koneru, Chandra Hawsa"]
[Result "1-0"]
[WhiteElo "2351"]
[BlackElo "2235"]
[PlyCount "59"]
[EventDate "2005.08.20"]
[EventType "swiss"]
[EventRounds "11"]
[EventCountry "MAS"]
[SourceTitle "CBM 108 Extra"]
[Source "ChessBase"]
[SourceDate "2005.11.04"]
[SourceVersion "1"]
[SourceVersionDate "2005.11.04"]
[SourceQuality "1"]

1. e4 c6 2. Nc3 d5 3. Nf3 Nf6 4. e5 Ne4 5. d3 Nxc3 6. bxc3 Bg4 7. h3 Bxf3 8. Qxf3 e6 9. Rb1 Qc7 10. Qe2 Be7 11. g3 Nd7 12. f4 h5 13. Bg2 g6 14. 0-0 Kf8 15. g4 hxg4 16. hxg4 Re8 17. d4 f5 18. exf6 Bxf6 19. g5 Bg7 20. Qd3 Kf7 21. Re1 Nb6 22. Bh3 Qd7 23. Kg2 Bf8 24. Bd2 Nc4 25. Re2 Nxd2 26. Rxd2 Bd6 27. Re2 Kg7 28. Rbe1 Bxf4 29. Rxe6 Rxe6 30. Rxe6 1-0

[Event "Kuala Lumpur op 2nd"]
[Site "Kuala Lumpur"]
[Date "2005.08.20"]
[Round "2"]
[White "Koneru, Chandra Hawsa"]
[Black "Srivachirawat, Kannapon"]
[Result "1/2-1/2"]
[WhiteElo "2235"]
[BlackElo "2186"]
[PlyCount "60"]
[EventDate "2005.08.20"]
[EventType "swiss"]
[EventRounds "11"]
[EventCountry "MAS"]
[SourceTitle "CBM 108 Extra"]
[Source "ChessBase"]
[SourceDate "2005.11.04"]
[SourceVersion "1"]
[SourceVersionDate "2005.11.04"]
[SourceQuality "1"]

1. d4 d5 2. c4 c6 3. Nf3 Nf6 4. e3 Bf5 5. Nc3 e6 6. Bd3 Bxd3 7. Qxd3 Nbd7 8. 0-0 Be7 9. b3 0-0 10. Bb2 Re8 11. e4 dxe4 12. Nxe4 Nxe4 13. Qxe4 Bf6 14. Rad1 Qa5 15. a3 Rad8 16. Qc2 Qc7 17. Rfe1 g6 18. Re2 Bg7 19. Rde1 Nf6 20. b4 a5 21. bxa5 Qxa5 22. Qb3 b5 23. Bc3 Qa6 24. cxb5 cxb5 25. Bb4 Rd5 26. h3 Bf8 27. Bxf8 Rxf8 28. Rb2 Ra8 29. Re5 Qxa3 30. Rxd5 Qxb3 1/2-1/2

[Event "Elekes Memorial IM 30th"]
[Site "Budapest"]
[Date "2005.05.27"]
[Round "7"]
[White "Koneru, Chandra Hawsa"]
[Black "Mester, Gyula"]
[Result "0-1"]
[WhiteElo "2305"]
[BlackElo "2410"]
[PlyCount "144"]
[EventDate "2005.05.21"]
[EventType "tourn"]
[EventRounds "9"]
[EventCountry "HUN"]
[EventCategory "2"]
[SourceTitle "CBM 106 Extra"]
[Source "ChessBase"]
[SourceDate "2005.07.01"]
[SourceVersion "1"]
[SourceVersionDate "2005.07.01"]
[SourceQuality "1"]

1. d4 g6 2. e4 Bg7 3. Nc3 d6 4. Be3 Nf6 5. f3 a6 6. Qd2 b5 7. a3 Nbd7 8. Bh6 Bxh6 9. Qxh6 c5 10. Nge2 Qa5 11. Qd2 Bb7 12. Ng3 h5 13. h4 Qc7 14. Kf2 Rc8 15. Be2 cxd4 16. Qxd4 Qc5 17. Rhd1 0-0 18. Nf1 Ne5 19. Ne3 Rfd8 20. Rac1 Nc6 21. Qxc5 dxc5 22. Ncd5 Nxd5 23. Nxd5 e6 24. Ne3 Kf8 25. c3 c4 26. Rxd8+ Rxd8 27. Rd1 Rxd1 28. Bxd1 Ne5 29. Bc2 f5 30. f4 Nd7 31. exf5 gxf5 32. Bd1 Nf6 33. Nf1 Kg7 34. Ng3 Kg6 35. Be2 a5 36. Bd1 Bc6 37. Be2 Kh6 38. Bd1 Nd7 39. b4 cxb3 40. Bxb3 Nc5 41. Ba2 Kg6 42. Ke3 a4 43. c4 Nb3 44. cxb5 Bxb5 45. Kf2 Bc4 46. Bb1 Nd4 47. Ke3 Nb5 48. Bc2 Bb3 49. Bxb3 axb3 50. Kd3 Nxa3 51. Kc3 Nc4 52. Kxb3 Ne3 53. Kc3 Nxg2 54. Kd4 Nxh4 55. Ke5 Ng2 56. Kxe6 Nxf4+ 57. Ke5 Nd3+ 58. Kd4 h4 59. Nf1 Nb4 60. Ke3 Kg5 61. Nh2 Nc6 62. Kf3 Ne5+ 63. Kg2 f4 64. Kh3 f3 65. Nf1 Ng6 66. Nd2 Nf4+ 67. Kh2 Kg4 68. Nf1 f2 69. Nd2 Kf5 70. Nf1 Ke4 71. Nd2+ Kd3 72. Nf1 Ke2 0-1

[Event "Budapest FS05 IM"]
[Site "Budapest"]
[Date "2005.05.18"]
[Round "12"]
[White "Caruana, Fabiano"]
[Black "Koneru, Chandra Hawsa"]
[Result "1-0"]
[WhiteElo "2255"]
[BlackElo "2305"]
[PlyCount "65"]
[EventDate "2005.05.07"]
[EventType "tourn"]
[EventRounds "13"]
[EventCountry "HUN"]
[EventCategory "1"]
[SourceTitle "CBM 106 Extra"]
[Source "ChessBase"]
[SourceDate "2005.07.01"]
[SourceVersion "1"]
[SourceVersionDate "2005.07.01"]
[SourceQuality "1"]

1. e4 c6 2. d4 d5 3. Nd2 dxe4 4. Nxe4 Nd7 5. Nf3 Ngf6 6. Nxf6+ Nxf6 7. Bc4 Bf5 8. 0-0 e6 9. Re1 Be7 10. c3 0-0 11. h3 h6 12. Bf4 Bd6 13. Ne5 Qc7 14. Qf3 Nd5 15. Bg3 Nb6 16. Bb3 Nd7 17. Nxd7 Qxd7 18. Bxd6 Qxd6 19. Re5 Rfd8 20. Rae1 Qf8 21. g4 Bh7 22. Qg3 Rac8 23. f4 c5 24. f5 exf5 25. gxf5 Re8 26. f6 Rxe5 27. Rxe5 g5 28. Re7 Bg6 29. d5 c4 30. Ba4 a6 31. d6 b5 32. d7 bxa4 33. Qe5 1-0

[Event "Budapest FS05 IM"]
[Site "Budapest"]
[Date "2005.05.16"]
[Round "10"]
[White "Erdelyi, Zombor"]
[Black "Koneru, Chandra Hawsa"]
[Result "1-0"]
[WhiteElo "2264"]
[BlackElo "2305"]
[PlyCount "65"]
[EventDate "2005.05.07"]
[EventType "tourn"]
[EventRounds "13"]
[EventCountry "HUN"]
[EventCategory "1"]
[SourceTitle "CBM 106 Extra"]
[Source "ChessBase"]
[SourceDate "2005.07.01"]
[SourceVersion "1"]
[SourceVersionDate "2005.07.01"]
[SourceQuality "1"]

1. e4 c5 2. Nf3 d6 3. d4 cxd4 4. Qxd4 a6 5. Be3 Nf6 6. Nc3 e5 7. Qb6 Qxb6 8. Bxb6 Nbd7 9. Bc7 b5 10. 0-0-0 b4 11. Nd5 Nxe4 12. Ba5 Ra7 13. Re1 Nxf2 14. Rg1 Be7 15. h3 Bb7 16. Bc4 e4 17. Nxe7 Kxe7 18. Rgf1 Rc8 19. b3 d5 20. Rxf2 dxc4 21. Ng5 Nf6 22. Bxb4+ Ke8 23. Rf5 Bd5 24. Nxh7 Be6 25. Nxf6+ gxf6 26. Rxe4 cxb3 27. axb3 Rac7 28. Rf2 f5 29. Rh4 Bxb3 30. Re2+ Be6 31. Rd2 f6 32. Re2 Rc6 33. Rh7 1-0

[Event "Budapest FS05 IM"]
[Site "Budapest"]
[Date "2005.05.07"]
[Round "1"]
[White "House, Glenn"]
[Black "Koneru, Chandra Hawsa"]
[Result "1/2-1/2"]
[WhiteElo "2212"]
[BlackElo "2305"]
[PlyCount "90"]
[EventDate "2005.05.07"]
[EventType "tourn"]
[EventRounds "13"]
[EventCountry "HUN"]
[EventCategory "1"]
[SourceTitle "CBM 106 Extra"]
[Source "ChessBase"]
[SourceDate "2005.07.01"]
[SourceVersion "1"]
[SourceVersionDate "2005.07.01"]
[SourceQuality "1"]

1. e4 c5 2. Nf3 d6 3. Bb5+ Bd7 4. Bxd7+ Qxd7 5. c4 e5 6. Nc3 Ne7 7. 0-0 g6 8. d3 Bg7 9. Nd5 Nbc6 10. a3 Nxd5 11. cxd5 Nd4 12. Nxd4 cxd4 13. Qb3 0-0 14. Bd2 f5 15. f3 fxe4 16. dxe4 Rac8 17. Rac1 Rxc1 18. Rxc1 Rc8 19. Rc4 Bf6 20. a4 Rc7 21. Kf1 Qc8 22. Rxc7 Qxc7 23. Ke2 Kg7 24. Kd3 Be7 25. Qc4 Qxc4+ 26. Kxc4 Kf7 27. f4 Ke8 28. b3 Kd7 29. g3 Bf8 30. h3 Be7 31. Kd3 Bf6 32. g4 Bd8 33. f5 g5 34. Ke2 Bf6 35. Kf3 h6 36. h4 Kc7 37. Ke2 Kd7 38. hxg5 hxg5 39. Kd3 Kc7 40. Ba5+ b6 41. Bb4 a6 42. Kc4 Kd7 43. Ba3 Kc7 44. b4 Kd7 45. b5 a5 1/2-1/2

[Event "IND-ch (Women) 30th"]
[Site "Calicut"]
[Date "2003.11.19"]
[Round "15"]
[White "Ramaswamy, Aarthie"]
[Black "Koneru, Chandra Hawsa"]
[Result "1-0"]
[WhiteElo "2322"]
[BlackElo "2193"]
[PlyCount "59"]
[EventDate "2003.11.09"]
[EventType "tourn"]
[EventRounds "17"]
[EventCountry "IND"]
[SourceTitle "EXT 2004"]
[Source "ChessBase"]
[SourceDate "2003.11.25"]
[SourceVersion "1"]
[SourceVersionDate "2003.11.25"]
[SourceQuality "1"]

1. e4 c5 2. Nf3 d6 3. d4 cxd4 4. Nxd4 Nf6 5. Nc3 a6 6. Be3 e5 7. Nb3 Be6 8. f3 h5 9. Qd2 Nbd7 10. 0-0-0 Be7 11. g3 Qc7 12. Kb1 Rc8 13. Qf2 b5 14. Nd5 Bxd5 15. exd5 e4 16. Bh3 exf3 17. Nd4 Ng4 18. Qxf3 Nde5 19. Qe4 0-0 20. Bxg4 Nxg4 21. h3 Nf6 22. Qg2 Qc4 23. Nf5 Rfe8 24. Rd4 Qc7 25. g4 h4 26. c3 Nh7 27. g5 Qd7 28. Rf1 Qd8 29. g6 Ng5 30. gxf7+ 1-0

[Event "IND-ch (Women) 30th"]
[Site "Calicut"]
[Date "2003.11.12"]
[Round "6"]
[White "Meenakshi, Subbaraman"]
[Black "Koneru, Chandra Hawsa"]
[Result "1-0"]
[WhiteElo "2288"]
[BlackElo "2139"]
[PlyCount "97"]
[EventDate "2003.11.09"]
[EventType "tourn"]
[EventRounds "17"]
[EventCountry "IND"]
[SourceTitle "EXT 2004"]
[Source "ChessBase"]
[SourceDate "2003.11.25"]
[SourceVersion "1"]
[SourceVersionDate "2003.11.25"]
[SourceQuality "1"]

1. d4 Nf6 2. c4 g6 3. Nc3 Bg7 4. Nf3 0-0 5. g3 d6 6. Bg2 Nbd7 7. 0-0 e5 8. Qc2 c6 9. Rd1 Qc7 10. b3 Re8 11. e3 exd4 12. Nxd4 a5 13. Ba3 Nc5 14. Rd2 Bd7 15. h3 Rad8 16. Rad1 Bc8 17. Bb2 Nfd7 18. Ne4 Nxe4 19. Bxe4 Nc5 20. Bg2 h5 21. Bc3 Ne6 22. Nxe6 Bxe6 23. Bxg7 Kxg7 24. Qb2+ Kg8 25. Qa3 c5 26. Qa4 Bd7 27. Qa3 Bf5 28. Qb2 Be4 29. Qf6 Re6 30. Qf4 Bxg2 31. Kxg2 Qc6+ 32. Rd5 Re5 33. Qf6 Rd7 34. Kh2 Rxd5 35. Rxd5 Qc7 36. e4 Qd8 37. Qc3 b6 38. Qd2 f6 39. f4 Qe8 40. Qd3 Re7 41. e5 fxe5 42. Rxd6 exf4 43. Rxg6+ Kh8 44. Rh6+ Kg8 45. Qd5+ Rf7 46. Rg6+ Kf8 47. Qd6+ Re7 48. Qxf4+ Rf7 49. Qh6+ 1-0

[Event "IND-ch (Women) 30th"]
[Site "Calicut"]
[Date "2003.11.10"]
[Round "3"]
[White "Koneru, Chandra Hawsa"]
[Black "Swati, Ghate"]
[Result "1/2-1/2"]
[WhiteElo "2139"]
[BlackElo "2309"]
[PlyCount "66"]
[EventDate "2003.11.09"]
[EventType "tourn"]
[EventRounds "17"]
[EventCountry "IND"]
[SourceTitle "EXT 2004"]
[Source "ChessBase"]
[SourceDate "2003.11.25"]
[SourceVersion "1"]
[SourceVersionDate "2003.11.25"]
[SourceQuality "1"]

1. d4 d5 2. Nf3 Nf6 3. c4 c6 4. e3 Bf5 5. Nc3 e6 6. Bd3 Bxd3 7. Qxd3 Bb4 8. 0-0 Nbd7 9. Bd2 0-0 10. Nxd5 Bd6 11. Nxf6+ Qxf6 12. Bc3 Rfd8 13. d5 Qe7 14. dxc6 bxc6 15. Qc2 e5 16. Rfd1 Rac8 17. Ng5 Nf8 18. Ne4 Bc7 19. b4 f5 20. Nc5 Qf7 21. Rxd8 Rxd8 22. Na6 e4 23. Nxc7 Qxc7 24. Rd1 Rxd1+ 25. Qxd1 Ne6 26. h3 Kf8 27. a4 Ke8 28. b5 cxb5 29. Qd5 Qxc4 30. Qa8+ Kd7 31. Qxa7+ Qc7 32. Qxc7+ Kxc7 33. axb5 Kb6 1/2-1/2

[Event "Asia-ch (Women) 10th"]
[Site "Calicut"]
[Date "2003.08.25"]
[Round "9"]
[White "Meera, Sai Ravi"]
[Black "Koneru, Chandra Hawsa"]
[Result "0-1"]
[WhiteElo "2172"]
[BlackElo "2193"]
[PlyCount "60"]
[EventDate "2003.08.17"]
[EventType "swiss"]
[EventRounds "9"]
[EventCountry "IND"]
[SourceTitle "CBM 095 Extra"]
[Source "ChessBase"]
[SourceDate "2003.09.04"]
[SourceVersion "1"]
[SourceVersionDate "2003.09.04"]
[SourceQuality "1"]

1. e4 c6 2. d4 d5 3. exd5 cxd5 4. c4 Nf6 5. Nc3 e6 6. Nf3 Be7 7. cxd5 Nxd5 8. Bd3 Nc6 9. 0-0 0-0 10. Re1 Ncb4 11. Bb1 b6 12. a3 Nxc3 13. bxc3 Nd5 14. Qd3 g6 15. Bc2 Qc7 16. Bh6 Rd8 17. c4 Ba6 18. Bb3 Rac8 19. Rac1 Nf6 20. Red1 Bb7 21. h3 Ne4 22. d5 Nc5 23. Qc3 Bf8 24. Bxf8 Rxf8 25. Ne5 Nxb3 26. d6 Nxc1 27. Qxc1 Qc5 28. Qc3 f6 29. Ng4 e5 30. Qd2 Qxc4 0-1

[Event "Asia-ch (Women) 10th"]
[Site "Calicut"]
[Date "2003.08.21"]
[Round "5"]
[White "Shen, Yang"]
[Black "Koneru, Chandra Hawsa"]
[Result "1-0"]
[WhiteElo "2113"]
[BlackElo "2193"]
[PlyCount "65"]
[EventDate "2003.08.17"]
[EventType "swiss"]
[EventRounds "9"]
[EventCountry "IND"]
[SourceTitle "CBM 095 Extra"]
[Source "ChessBase"]
[SourceDate "2003.09.04"]
[SourceVersion "1"]
[SourceVersionDate "2003.09.04"]
[SourceQuality "1"]

1. e4 c6 2. d4 d5 3. Nd2 g6 4. e5 Bg7 5. h3 Nh6 6. Ngf3 f6 7. Bd3 Nf7 8. Qe2 Qc7 9. exf6 Bxf6 10. 0-0 0-0 11. Re1 Nd7 12. c4 e5 13. dxe5 Ndxe5 14. Bc2 Bd7 15. cxd5 cxd5 16. Bb3 Rae8 17. Nxe5 Rxe5 18. Qd1 Rxe1+ 19. Qxe1 Re8 20. Qd1 Bc6 21. Nf3 Kh8 22. Nd4 Qe5 23. Be3 Nd6 24. Rc1 Nf5 25. Nxc6 bxc6 26. Bxa7 Qxb2 27. Rxc6 Bc3 28. Qxd5 Nd4 29. Qf7 Qc1+ 30. Kh2 Nf3+ 31. Qxf3 Be5+ 32. g3 Qh6 33. Be3 1-0

[Event "Asia-ch (Women) 10th"]
[Site "Calicut"]
[Date "2003.08.17"]
[Round "1"]
[White "Wang, Yu A"]
[Black "Koneru, Chandra Hawsa"]
[Result "1-0"]
[WhiteElo "2357"]
[BlackElo "2193"]
[PlyCount "65"]
[EventDate "2003.08.17"]
[EventType "swiss"]
[EventRounds "9"]
[EventCountry "IND"]
[SourceTitle "CBM 095 Extra"]
[Source "ChessBase"]
[SourceDate "2003.09.04"]
[SourceVersion "1"]
[SourceVersionDate "2003.09.04"]
[SourceQuality "1"]

1. e4 c6 2. d4 d5 3. e5 Bf5 4. Nc3 e6 5. g4 Bg6 6. Nge2 c5 7. h4 h5 8. Nf4 Bh7 9. Nxh5 cxd4 10. Nb5 Nc6 11. Nxd4 Nxe5 12. Bb5+ Nd7 13. Bg5 Ne7 14. 0-0 a6 15. Ba4 b5 16. Bb3 Qb6 17. Re1 Nc5 18. Qe2 0-0-0 19. a4 b4 20. a5 Qd6 21. Bd2 Nxb3 22. cxb3 Kb7 23. Ra4 Nc6 24. Nxc6 Qxc6 25. Bxb4 Qb5 26. Qd2 Ka8 27. Rc1 Rb8 28. Bxf8 Rhxf8 29. Rc7 Bg6 30. Nf4 Qxb3 31. Qd4 Rb7 32. Rb4 Rc8 33. Qc3 1-0

[Event "Commonwealth-ch"]
[Site "Mumbai"]
[Date "2003.04.22"]
[Round "4"]
[White "Konguvel, Ponnuswamy"]
[Black "Koneru, Chandra Hawsa"]
[Result "1/2-1/2"]
[WhiteElo "2331"]
[BlackElo "2138"]
[PlyCount "45"]
[EventDate "2003.04.20"]
[EventType "swiss"]
[EventRounds "10"]
[EventCountry "IND"]
[SourceTitle "CBM 093 Extra"]
[Source "ChessBase"]
[SourceDate "2003.05.09"]
[SourceVersion "1"]
[SourceVersionDate "2003.05.09"]
[SourceQuality "1"]

1. e4 c6 2. d4 d5 3. Nc3 dxe4 4. Nxe4 Nd7 5. Ng5 Ngf6 6. Bc4 e6 7. Qe2 Nb6 8. Be3 h6 9. N5f3 c5 10. dxc5 Bxc5 11. Ne5 Qc7 12. Ngf3 Bb4+ 13. Bd2 Bxd2+ 14. Qxd2 Nbd7 15. Qe2 Nxe5 16. Nxe5 Nd7 17. Nxd7 Bxd7 18. 0-0 Bc6 19. Rfe1 0-0 20. Rad1 Rfd8 21. Rd2 Rd7 22. Red1 Rad8 23. Qe3 1/2-1/2

[Event "Commonwealth-ch"]
[Site "Mumbai"]
[Date "2003.04.21"]
[Round "3"]
[White "Koneru, Chandra Hawsa"]
[Black "Meenakshi, Subbaraman"]
[Result "1/2-1/2"]
[WhiteElo "2138"]
[BlackElo "2297"]
[PlyCount "94"]
[EventDate "2003.04.20"]
[EventType "swiss"]
[EventRounds "10"]
[EventCountry "IND"]
[SourceTitle "CBM 093 Extra"]
[Source "ChessBase"]
[SourceDate "2003.05.09"]
[SourceVersion "1"]
[SourceVersionDate "2003.05.09"]
[SourceQuality "1"]

1. d4 d5 2. Nf3 Nf6 3. c4 c6 4. Nc3 g6 5. cxd5 cxd5 6. Bf4 Nc6 7. e3 a6 8. Bd3 b5 9. Rc1 Bb7 10. h3 Bg7 11. 0-0 0-0 12. Ne5 Nxe5 13. Bxe5 Rc8 14. Bxf6 Bxf6 15. Ne2 Qd7 16. Qd2 Rfd8 17. Rxc8 Rxc8 18. Rc1 e6 19. a3 Bd8 20. Rxc8 Qxc8 21. Qc1 Kf8 22. Qxc8 Bxc8 23. b4 Ke7 24. Nc1 Kd6 25. f4 h6 26. Nb3 g5 27. g3 f6 28. Bc2 gxf4 29. gxf4 e5 30. Kg2 e4 31. Bd1 f5 32. Kg3 Be7 33. Bh5 Bd8 34. Nc5 Be7 35. Be8 Bd8 36. Bh5 Be7 37. Be2 Bd8 38. Nb3 Be7 39. Na1 Bd8 40. Nc2 Be7 41. Ne1 Kc6 42. Bh5 Be6 43. Be8+ Kb6 44. Nc2 a5 45. Bg6 Ka6 46. Be8 Kb6 47. Bg6 Ka6 1/2-1/2

[Event "Commonwealth-ch"]
[Site "Mumbai"]
[Date "2003.04.21"]
[Round "2"]
[White "Koneru, Chandra Hawsa"]
[Black "Shetty, Rahul"]
[Result "0-1"]
[WhiteElo "2138"]
[BlackElo "2387"]
[PlyCount "110"]
[EventDate "2003.04.20"]
[EventType "swiss"]
[EventRounds "10"]
[EventCountry "IND"]
[SourceTitle "CBM 093 Extra"]
[Source "ChessBase"]
[SourceDate "2003.05.09"]
[SourceVersion "1"]
[SourceVersionDate "2003.05.09"]
[SourceQuality "1"]

1. d4 Nf6 2. Bg5 c5 3. Bxf6 gxf6 4. dxc5 e6 5. Nc3 Bxc5 6. Ne4 d5 7. Nxc5 Qa5+ 8. c3 Qxc5 9. Qd4 Qe7 10. e3 Nc6 11. Qd2 Bd7 12. Nf3 0-0-0 13. 0-0-0 Kb8 14. Kb1 e5 15. Ka1 Be6 16. Bb5 Qc5 17. Qe2 Rhg8 18. Rhg1 Ne7 19. Ba4 Rd6 20. Nd2 Ra6 21. Nb3 Qc7 22. Bb5 Rb6 23. Bd3 Nc8 24. Bxh7 Rh8 25. Bc2 Rxh2 26. e4 Rd6 27. exd5 Bxd5 28. Qg4 a6 29. f3 Nb6 30. Rh1 Rxh1 31. Rxh1 Nc4 32. Rh8+ Ka7 33. Rc8 Qd7 34. Rxc4 Be6 35. Qe4 Rd1+ 36. Bb1 Rxb1+ 37. Qxb1 Bxc4 38. Nc5 Qd5 39. Ne4 f5 40. Ng3 f4 41. Ne4 f5 42. Nf2 Qd2 43. Qg1 Qe3 44. g4 fxg3 45. Nh3 Qxg1+ 46. Nxg1 f4 47. Kb1 Kb6 48. Kc2 Kc5 49. b3 Bf1 50. Kd2 Kd5 51. Ke1 Bd3 52. Kd2 e4 53. fxe4+ Kxe4 54. Ke1 f3 55. Nh3 Ke3 0-1

[Event "Commonwealth-ch"]
[Site "Mumbai"]
[Date "2003.04.20"]
[Round "1"]
[White "Roktim, Bandyopadhyay"]
[Black "Koneru, Chandra Hawsa"]
[Result "1/2-1/2"]
[WhiteElo "2405"]
[BlackElo "2138"]
[PlyCount "65"]
[EventDate "2003.04.20"]
[EventType "swiss"]
[EventRounds "10"]
[EventCountry "IND"]
[SourceTitle "CBM 093 Extra"]
[Source "ChessBase"]
[SourceDate "2003.05.09"]
[SourceVersion "1"]
[SourceVersionDate "2003.05.09"]
[SourceQuality "1"]

1. c4 c6 2. e4 d5 3. exd5 cxd5 4. cxd5 Qxd5 5. Nc3 Qd8 6. d4 Nf6 7. Bc4 e6 8. Nf3 Be7 9. 0-0 0-0 10. Qe2 a6 11. a4 Nc6 12. Rd1 Nb4 13. Ne5 b6 14. Bg5 Nfd5 15. Bxd5 exd5 16. Bxe7 Qxe7 17. Nd3 Qxe2 18. Nxe2 Nxd3 19. Rxd3 Re8 20. Re3 Rxe3 21. fxe3 Bb7 22. Rc1 Rc8 23. Rxc8+ Bxc8 24. Nc3 Bb7 25. Kf2 Kf8 26. Ke2 Ke7 27. Kd3 a5 28. Kd2 Ke6 29. Ke1 Ba6 30. Kf2 Bd3 31. Kf3 f6 32. Kf4 g6 33. Kg4 1/2-1/2

[Event "Commonwealth-ch"]
[Site "Mumbai"]
[Date "2003.??.??"]
[Round "8"]
[White "Deshmukh, Anup"]
[Black "Koneru, Chandra Hawsa"]
[Result "1-0"]
[WhiteElo "2308"]
[BlackElo "2138"]
[PlyCount "109"]
[EventDate "2003.04.20"]
[EventType "swiss"]
[EventRounds "10"]
[EventCountry "IND"]
[SourceTitle "CBM 093 Extra"]
[Source "ChessBase"]
[SourceDate "2003.05.09"]
[SourceVersion "1"]
[SourceVersionDate "2003.05.09"]
[SourceQuality "1"]

1. d4 d5 2. c4 e6 3. Nf3 Nf6 4. Nc3 Nbd7 5. cxd5 exd5 6. Bg5 c6 7. e3 Be7 8. Qc2 0-0 9. Bd3 Re8 10. 0-0 Nf8 11. Rae1 Ne4 12. Bxe7 Qxe7 13. Bxe4 dxe4 14. Nd2 f5 15. f3 exf3 16. Nxf3 Be6 17. e4 fxe4 18. Rxe4 Qd6 19. Rfe1 Bf7 20. Ne5 Bg6 21. Qb3+ Qe6 22. Nxg6 Qxb3 23. Rxe8 Qxb2 24. Rxa8 hxg6 25. Rf1 Kh7 26. Rfxf8 g5 27. Rf3 Qd2 28. h3 Qxd4+ 29. Kh1 b5 30. Re8 b4 31. Ne4 Qa1+ 32. Kh2 Qxa2 33. Re6 Qd5 34. Rg3 Kg8 35. Nxg5 g6 36. Rxg6+ Kf8 37. Rf3+ Ke8 38. Re3+ Kd8 39. Ne6+ Kc8 40. Rg8+ Kb7 41. Rd8 Qc4 42. Re4 Qxe4 43. Nc5+ Kc7 44. Nxe4 Kxd8 45. Nc5 Ke7 46. h4 Kd6 47. Nd3 b3 48. h5 Ke7 49. Kg3 a5 50. Nb2 c5 51. Kf4 Ke6 52. Ke4 Kf6 53. g4 Kf7 54. g5 Kg7 55. Kd5 1-0

[Event "Wch U20 Girls 19th"]
[Site "Goa"]
[Date "2002.12.19"]
[Round "12"]
[White "Koneru, Chandra Hawsa"]
[Black "Jackova, Jana"]
[Result "1/2-1/2"]
[WhiteElo "2086"]
[BlackElo "2361"]
[PlyCount "48"]
[EventDate "2002.12.09"]
[EventType "swiss"]
[EventRounds "13"]
[EventCountry "IND"]
[SourceTitle "CBM 091 Extra"]
[Source "ChessBase"]
[SourceDate "2003.01.09"]
[SourceVersion "1"]
[SourceVersionDate "2003.01.09"]
[SourceQuality "1"]

1. d4 d5 2. Nf3 Nf6 3. c4 e6 4. Nc3 Bb4 5. e3 Ne4 6. Bd2 Nxd2 7. Qxd2 0-0 8. a3 Be7 9. Rc1 c6 10. Bd3 Nd7 11. 0-0 Nb6 12. c5 Nd7 13. b4 b6 14. e4 a5 15. exd5 exd5 16. b5 Bb7 17. Na4 Rc8 18. Nxb6 Nxb6 19. cxb6 Qxb6 20. bxc6 Bxc6 21. Bf5 Rc7 22. Ne5 g6 23. Rxc6 Rxc6 24. Rb1 Qc7 1/2-1/2

[Event "Wch U20 Girls 19th"]
[Site "Goa"]
[Date "2002.12.11"]
[Round "4"]
[White "Nimmy, A George"]
[Black "Koneru, Chandra Hawsa"]
[Result "1/2-1/2"]
[WhiteElo "2004"]
[BlackElo "2086"]
[PlyCount "124"]
[EventDate "2002.12.09"]
[EventType "swiss"]
[EventRounds "13"]
[EventCountry "IND"]
[SourceTitle "CBM 091 Extra"]
[Source "ChessBase"]
[SourceDate "2003.01.09"]
[SourceVersion "1"]
[SourceVersionDate "2003.01.09"]
[SourceQuality "1"]

1. e4 c6 2. d4 d5 3. exd5 cxd5 4. Bd3 Nc6 5. c3 Nf6 6. Bg5 e6 7. Nf3 Be7 8. Nbd2 a6 9. a4 0-0 10. 0-0 Bd7 11. Ne5 Nxe5 12. dxe5 Ne8 13. Qh5 g6 14. Bxe7 Qxe7 15. Qh6 f6 16. Nf3 Qg7 17. Qe3 fxe5 18. Nxe5 Nd6 19. f4 b5 20. Qc5 Nc4 21. Bxc4 bxc4 22. Qd6 Rfd8 23. Rfe1 Rab8 24. Ra2 a5 25. Nxd7 Qxd7 26. Qxe6+ Qxe6 27. Rxe6 Kf7 28. Ra6 Ra8 29. Rxa8 Rxa8 30. Ra1 Rb8 31. Rb1 Ke6 32. Kf2 d4 33. cxd4 Kd5 34. Ke3 Rb4 35. Kd2 Kxd4 36. Kc2 Ke4 37. g3 Rxa4 38. Re1+ Kf5 39. Re7 h5 40. Re5+ Kf6 41. Kc3 Ra2 42. Rc5 a4 43. Rxc4 a3 44. Rc6+ Kf5 45. Rc5+ Ke4 46. bxa3 Rxa3+ 47. Kb2 Rd3 48. Kc2 Rd6 49. Rg5 h4 50. Rg4 hxg3 51. hxg3 Kf3 52. Rg5 Ke4 53. Kc3 Re6 54. Kd2 Kf3 55. Kd3 Rd6+ 56. Kc4 Ke4 57. Kc5 Ra6 58. Kb5 Rf6 59. Kc4 Rc6+ 60. Kb5 Rf6 61. Kc4 Rc6+ 62. Kb5 Rf6 1/2-1/2